| 000 | 00997nam a22002534c 4500 | ||
|---|---|---|---|
| 003 | AR-BaSMT | ||
| 008 | 230327t2023 agd|||frib|| 001 0 spa d | ||
| 020 | _a9789878982229 | ||
| 040 |
_aBSGB _bespañol _cBSGB _erda |
||
| 041 | 0 |
_aspa _hespañol |
|
| 080 | _a802 | ||
| 100 | 1 |
_aPapeo, Nora _9515 |
|
| 245 | 1 |
_aEscribir informes: _bResúmenes, reseñas, informes de lecturas, ensayos, monografías, proyectos de investigación. |
|
| 250 | _aPrimera edición | ||
| 264 |
_aBuenos Aires ; _bDel Aula Taller, _c2023. |
||
| 300 | _a32 páginas | ||
| 336 |
_2rdacontent _atexto _btxt |
||
| 337 |
_2rdamedia _asin mediación _bn |
||
| 338 |
_2rdacarrier _avolumen _bnc |
||
| 520 | _aÍNDICE ¿Qué es un escrito o texto académico? El resumen La reseña El informe de lectura El ensayo La monografía El proyecto de investigación Formato normas APA Cómo aplicar las normas APA en word Bibliografía | ||
| 521 | _aPúblico general | ||
| 942 |
_2ddc _aBOOK |
||
| 999 |
_c689 _d689 |
||